[Event "South African op"]
[Site "Durban"]
[Date "2017.07.15"]
[Round "2"]
[White "Pather, Cayden"]
[Black "Schutte, Rico"]
[Result "0-1"]
[WhiteElo "1465"]
[BlackElo "1666"]
[PlyCount "56"]
[EventDate "2017.07.14"]
[EventType "swiss"]
[EventRounds "11"]
[EventCountry "RSA"]
[SourceTitle "EXT 2018"]
[Source "ChessBase"]
[SourceDate "2017.10.13"]
[SourceVersion "1"]
[SourceVersionDate "2017.10.13"]
[SourceQuality "1"]

1. e4 Nc6 2. Nc3 e6 3. d4 d5 4. e5 Bb4 5. a3 Ba5 6. f4 Nh6 7. Nf3 Nf5 8. Qd3 a6 9. Be3 b5 10. Be2 b4 11. axb4 Nxb4 12. Qd2 Nxe3 13. Rxa5 Nxg2+ 14. Kf2 Nh4 15. Raa1 Nxf3 16. Bxf3 Qh4+ 17. Ke3 Qh3 18. Rhg1 Qf5 19. Rac1 c5 20. Rg5 cxd4+ 21. Kxd4 Qh3 22. Qf2 g6 23. Qg2 Qh6 24. Ra1 Qf8 25. Nb5 Qe7 26. Nd6+ Kf8 27. h4 Rb8 28. c3 Qa7# 0-1

[Event "South African op"]
[Site "Cape Town"]
[Date "2015.07.04"]
[Round "3"]
[White "Schutte, Rico"]
[Black "Mmoneng, Patrick L"]
[Result "1-0"]
[WhiteElo "1760"]
[BlackElo "1970"]
[PlyCount "91"]
[EventDate "2015.07.03"]
[EventType "swiss"]
[EventRounds "11"]
[EventCountry "RSA"]
[SourceTitle "CBM 167 Extra"]
[Source "ChessBase"]
[SourceDate "2015.09.14"]
[SourceVersion "1"]
[SourceVersionDate "2015.09.14"]
[SourceQuality "1"]

1. e4 c5 2. Nf3 e6 3. d4 cxd4 4. Nxd4 a6 5. Nc3 Qc7 6. Be2 Nf6 7. a3 b6 8. Be3 d6 9. Qd2 Bb7 10. f3 Nbd7 11. g4 Ne5 12. Nb3 b5 13. 0-0-0 Nc4 14. Bxc4 bxc4 15. Nd4 Rb8 16. Rhf1 Bc8 17. Na2 Nd7 18. Ne2 Nc5 19. Bxc5 Qxc5 20. Qd4 Qb5 21. Qc3 h5 22. Nd4 Qc5 23. b4 cxb3 24. Qxc5 b2+ 25. Kb1 dxc5 26. Nc6 Bb7 27. Nxb8 hxg4 28. fxg4 Rxh2 29. Nc3 Bc8 30. Nc6 Be7 31. Nxe7 Kxe7 32. e5 Rg2 33. Rf4 f5 34. Kxb2 Bb7 35. gxf5 exf5 36. Rxf5 Ke6 37. Rh5 Bf3 38. Rd6+ Ke7 39. Nd5+ Ke8 40. Rf5 Be4 41. Rh5 Rxc2+ 42. Kb3 Rc1 43. Rh8+ Kf7 44. Rc8 Rb1+ 45. Ka2 Rc1 46. Rc7+ 1-0